El conflicto religioso de 1926 : sus orígenes, su desarrollo y su solución tomo II.

Guardado en:
Detalles Bibliográficos
Autor principal: Moctezuma, Aquiles P. (autor)
Formato: Libro
Idioma:Español
Colección:(Figuras y episodios de la historia de México)
Temas:
Etiquetas: Agrega una etiqueta
Sin etiquetas, Sé el primero en etiquetar este registro!

MARC

LEADER 00000cam^a2200000uu^4500
001 000468453
005 20250521000000.0
008 050901s1960^^^^^^^^^^^^rd^r^^000^0^spa^d
009 20260310124512.741
035 |a FCE 000011189 
035 |a FCE 034217 
037 |a Acervo ITESO - Biblioteca 
041 |a spa 
082 0 4 |a 261.1  |b MOCC v.2 
100 |a Moctezuma, Aquiles P.  |e (autor) 
245 1 3 |a El conflicto religioso de 1926 :  |b sus orígenes, su desarrollo y su solución tomo II. 
264 |a México :  |b Jus,  |c 1960. 
300 |a 567 p. 
336 |a texto  |b txt  |2 rdacontenido 
337 |a sin mediación  |b n  |2 rdamedio 
338 |a volumen  |b nc  |2 rdasoporte 
440 0 |a (Figuras y episodios de la historia de México) 
649 |a XX 
650 |a Historia 
650 |a Religión 
650 |a Relación iglesia-estado 
650 |a Conflicto social 
910 |a Fondo Centro de Estudios Educativos 
920 |a Impresos - Libros 
930 |a Fondos Especiales 
905 |a 133 
901 |a ALE034217  |b IT2  |c CEE  |u 20250521 
902 |a https://opac.biblio.iteso.mx/vufind/Record/000468453